[Event "Frankfurt Ch 2013"]
[Site "Ffm-Kalbach, LAZ"]
[Date "2013.05.27"]
[Round "4.53"]
[White "Balzereit, Georg"]
[Black "Mongi, Mario"]
[Result "1-0"]
[WhiteElo "1634"]
[BlackElo "1354"]
[PlyCount "53"]
[EventDate "2013.??.??"]
[WhiteTeam "vereinslos"]
[BlackTeam "Sfr. Frankfurt 1921"]

1. e4 c5 2. Nf3 Nc6 3. d4 cxd4 4. Nxd4 g6 5. Nc3 Bg7 6. Be3 Nf6 7. f3 O-O 8.
Bc4 Qb6 9. Bb3 Nxe4 10. Nd5 Qa5+ 11. c3 Nf6 12. Nxc6 dxc6 13. Nxe7+ Kh8 14.
Nxc8 Raxc8 15. O-O Rcd8 16. Qc1 Nd5 17. Bh6 Qc5+ 18. Kh1 Rfe8 19. Bxg7+ Kxg7
20. Qg5 h6 21. Qg3 Re2 22. Rfe1 Rde8 23. Rxe2 Rxe2 24. Re1 Nf4 25. Rxe2 Nxe2
26. Qe1 Qe3 27. Bd1 1-0

[Event "Frankfurt Ch 2013"]
[Site "Ffm-Kalbach, LAZ"]
[Date "2013.05.27"]
[Round "4.54"]
[White "Riha, Peter"]
[Black "Honert, Stefan"]
[Result "1/2-1/2"]
[WhiteElo "1604"]
[BlackElo "1304"]
[PlyCount "41"]
[EventDate "2013.??.??"]
[WhiteTeam "SC Bergen-Enkheim 1922"]
[BlackTeam "Sfr. Frankfurt 1921"]

1. d4 d5 2. c4 c6 3. Nf3 Nf6 4. Nc3 dxc4 5. a4 Bf5 6. Ne5 Nbd7 7. Nxc4 Nb6 8.
Ne5 a5 9. f3 Nfd7 10. Bf4 f6 11. Nxd7 Nxd7 12. e4 e5 13. Be3 exd4 14. Bxd4 Be6
15. Qc2 Bb4 16. Qf2 Qe7 17. Be2 Nc5 18. Rd1 Bb3 19. Rc1 Nxa4 20. O-O Nc5 21.
Nb1 1/2-1/2

[Event "Frankfurt Ch 2013"]
[Site "Ffm-Kalbach, LAZ"]
[Date "2013.05.27"]
[Round "4.55"]
[White "Kirschner, Matthias"]
[Black "Fischer, Lutz"]
[Result "0-1"]
[WhiteElo "1517"]
[BlackElo "1603"]
[PlyCount "72"]
[EventDate "2013.??.??"]
[WhiteTeam "SV 1997 Nauheim"]
[BlackTeam "Sfr. Frankfurt 1921"]

1. c4 e5 2. Nc3 Nf6 3. d3 Bb4 4. g3 d5 5. a3 Bxc3+ 6. bxc3 dxc4 7. Qa4+ c6 8.
Qxc4 Be6 9. Qb4 Qc7 10. Bg2 Na6 11. Qb2 O-O 12. Nf3 Rfe8 13. Nd2 Nc5 14. O-O
Rad8 15. h3 Bf5 16. d4 exd4 17. cxd4 Ne6 18. e3 Ng5 19. g4 Bd3 20. Re1 Qd7 21.
Qb3 Be4 22. Nxe4 Nfxe4 23. h4 Qxg4 24. hxg5 Nxg5 25. Qd1 Qh4 26. f3 Rxd4 27.
Qxd4 Qxe1+ 28. Kh2 Qf2 29. Qf4 h6 30. e4 Re5 31. Be3 Qb2 32. Rd1 Ne6 33. Qg4 g6
34. f4 Rxe4 35. Rd2 Qxa3 36. Bxe4 Qxe3 {ZÜ} 0-1

[Event "Frankfurt Ch 2013"]
[Site "Ffm-Kalbach, LAZ"]
[Date "2013.05.27"]
[Round "4.56"]
[White "Midanka, Vladimir"]
[Black "Steiz, Johann"]
[Result "1-0"]
[WhiteElo "1509"]
[BlackElo "1603"]
[PlyCount "57"]
[EventDate "2013.??.??"]
[WhiteTeam "vereinslos"]
[BlackTeam "ESV Grossenbaum 1973"]

1. Nf3 Nf6 2. d4 e6 3. c4 b6 4. g3 Ba6 5. b3 Bb4+ 6. Bd2 Bxd2+ 7. Nbxd2 Bb7 8.
Bg2 d6 9. O-O O-O 10. Re1 Nbd7 11. Qc2 d5 12. Ne5 Nxe5 13. dxe5 Nd7 14. Nf3 c5
15. e3 Qc7 16. Ng5 g6 17. f4 h6 18. Nxe6 fxe6 19. Qxg6+ Kh8 20. Qxh6+ Kg8 21.
Qxe6+ Kg7 22. cxd5 Rae8 23. Qg4+ Kh8 24. Qh5+ Kg7 25. Be4 Rh8 26. Qg6+ Kf8 27.
d6 Bxe4 28. Qxe4 Qb8 29. Qf5+ 1-0

[Event "Frankfurt Ch 2013"]
[Site "Ffm-Kalbach, LAZ"]
[Date "2013.05.27"]
[Round "4.59"]
[White "Jähnert, Wolfgang"]
[Black "Lessmann, Sven"]
[Result "1/2-1/2"]
[WhiteElo "1551"]
[BlackElo "1371"]
[PlyCount "100"]
[EventDate "2013.??.??"]
[WhiteTeam "Bad Vilbeler Sfr.1985"]
[BlackTeam "SC Bad Soden"]

1. d4 d5 2. g3 e6 3. Nf3 c5 4. Bg2 Nc6 5. c3 Nf6 6. O-O Be7 7. Bg5 cxd4 8. Nxd4
O-O 9. Nb3 h6 10. Be3 b6 11. Nd4 Bb7 12. Nxc6 Bxc6 13. Bd4 Qc7 14. Bxf6 Bxf6
15. e3 Bb5 16. Re1 Rad8 17. Na3 Ba6 18. Nc2 Bb7 19. Rc1 Qc4 20. Nb4 a5 21. Bf1
Qc8 22. Nc2 Qc6 23. Nd4 Bxd4 24. cxd4 Qd6 25. Qd2 Rc8 26. a3 Rfe8 27. Bb5 Re7
28. Rxc8+ Bxc8 29. Rc1 Rc7 30. Rc3 Rxc3 31. Qxc3 Bb7 32. Kf1 Kf8 33. Ke2 Ke7
34. Kd3 Kd8 35. h4 Qc7 36. Qxc7+ Kxc7 37. Kc3 Kd6 38. f4 f6 39. g4 g5 40. fxg5
fxg5 41. hxg5 hxg5 42. Be2 e5 43. b4 axb4+ 44. Kxb4 exd4 45. exd4 Kc7 46. a4
Kd6 47. a5 bxa5+ 48. Kxa5 Bc8 49. Kb6 Bd7 50. Bf3 Be6 1/2-1/2

[Event "Frankfurt Ch 2013"]
[Site "Ffm-Kalbach, LAZ"]
[Date "2013.05.27"]
[Round "4.60"]
[White "Paaßen, Klaus"]
[Black "Panosch, Walter"]
[Result "0-1"]
[WhiteElo "1439"]
[BlackElo "1503"]
[PlyCount "114"]
[EventDate "2013.??.??"]
[WhiteTeam "SV 1926 Fechenheim"]
[BlackTeam "SC Matt im Park Ffm"]

1. d4 Nf6 2. c4 g6 3. Nf3 Bg7 4. e3 O-O 5. Nc3 d6 6. Bd3 e5 7. dxe5 dxe5 8.
Nxe5 Re8 9. Nf3 Nc6 10. O-O Bg4 11. Be2 Qe7 12. Nd2 Qe6 13. Bxg4 Nxg4 14. Nd5
Rac8 15. Rb1 Nce5 16. b3 Nd3 17. Nf3 Nxc1 18. Qxc1 c6 19. Nf4 Qe7 20. h3 Nh6
21. Qc2 Nf5 22. Rfe1 Nh4 23. Qe2 Bc3 24. Red1 Bb4 25. Rd3 Nf5 26. Nd4 Nxd4 27.
Rxd4 Bd6 28. Qf3 Qe5 29. g3 Qf6 30. Rbd1 Be5 31. Qg2 Bxd4 32. Rxd4 Rcd8 33.
Rxd8 Rxd8 34. Qe4 Kf8 35. h4 Rd1+ 36. Kg2 Rd2 37. a3 Rd8 38. Nh3 Re8 39. Qd3
Kg7 40. Qd7 Re7 41. Qd3 Qe5 42. Qe2 b5 43. cxb5 cxb5 44. Nf4 a6 45. Nd3 Qe4+
46. Kh2 Qf5 47. b4 Rc7 48. Nc5 a5 49. Qxb5 axb4 50. axb4 Qxf2+ 51. Kh3 Qxe3 52.
Qb6 Re7 53. Qd6 Qe1 54. b5 h5 55. Qd4+ Kh7 56. Kg2 Re2+ 57. Kf3 Qf1+ 0-1

[Event "Frankfurt Ch 2013"]
[Site "Ffm-Kalbach, LAZ"]
[Date "2013.05.27"]
[Round "4.61"]
[White "Stulken, Dietmar"]
[Black "Richter, Wolfram"]
[Result "1-0"]
[WhiteElo "1427"]
[BlackElo "1519"]
[PlyCount "71"]
[EventDate "2013.??.??"]
[WhiteTeam "Sfr. Frankfurt 1921"]
[BlackTeam "SK Bad Sooden-Allendorf"]

1. e4 c5 2. c3 Nc6 3. d4 cxd4 4. cxd4 e6 5. Nf3 Nf6 6. e5 Nd5 7. Be2 a6 8. O-O
b5 9. Nc3 Nb6 10. d5 exd5 11. Nxd5 Nc4 12. Bxc4 bxc4 13. Qe2 h6 14. Qxc4 Bb7
15. Qe2 Nb4 16. Nxb4 Bxb4 17. a3 Be7 18. Be3 O-O 19. Rfd1 Bc6 20. Nd4 Bb7 21.
Qg4 Bg5 22. f4 f5 23. Nxf5 Be4 24. Ng3 Bxg2 25. Kxg2 Rc8 26. fxg5 Rc2+ 27. Rd2
Qa8+ 28. Qe4 Rc6 29. gxh6 g6 30. Rxd7 Rc2+ 31. Rd2 Rc6 32. Rf1 Rfc8 33. Rf6 Kh8
34. Rxc6 Rxc6 35. Qd5 Qe8 36. Qd8 1-0

[Event "Frankfurt Ch 2013"]
[Site "Ffm-Kalbach, LAZ"]
[Date "2013.05.27"]
[Round "4.62"]
[White "Hartmann, Stephan"]
[Black "Mayer, Andreas"]
[Result "1/2-1/2"]
[WhiteElo "1471"]
[BlackElo "1406"]
[PlyCount "69"]
[EventDate "2013.??.??"]
[WhiteTeam "SG Turm Idstein"]
[BlackTeam "Sfr. Frankfurt 1921"]

1. c4 c6 2. d4 d5 3. cxd5 cxd5 4. Nc3 Nf6 5. Bg5 e6 6. Nf3 Be7 7. e3 b6 8. Bb5+
Bd7 9. Bxd7+ Nfxd7 10. Bxe7 Qxe7 11. O-O O-O 12. Rc1 Nf6 13. Qa4 Nbd7 14. Nb5
a6 15. Nc3 Rfc8 16. Ne2 Qd8 17. Rxc8 Qxc8 18. Rc1 Qd8 19. Qc6 b5 20. Qb7 Qb8
21. Qxb8+ Rxb8 22. Rc7 Kf8 23. Ra7 Rc8 24. h3 Rc6 25. Ne5 Nxe5 26. dxe5 Ne4 27.
Nd4 Rc1+ 28. Kh2 Nxf2 29. Ra8+ Ke7 30. Ra7+ Ke8 31. Ra8+ Ke7 32. Rxa6 Nd3 33.
Ra7+ Ke8 34. Ra8+ Ke7 35. Ra7+ 1/2-1/2

[Event "Frankfurt Ch 2013"]
[Site "Ffm-Kalbach, LAZ"]
[Date "2013.05.27"]
[Round "4.63"]
[White "Herwig-Päutz, Martin"]
[Black "Romacker, Harald"]
[Result "1-0"]
[WhiteElo "1321"]
[BlackElo "1444"]
[PlyCount "79"]
[EventDate "2013.??.??"]
[WhiteTeam "Sfr.1891 Friedberg"]
[BlackTeam "SC Steinbach"]

1. d4 d5 2. e3 c6 3. Bd3 Nf6 4. Nd2 Bg4 5. Ngf3 Nbd7 6. c3 Qc7 7. h3 Bh5 8. O-O
e5 9. Bf5 e4 10. Bxd7+ Nxd7 11. g4 exf3 12. gxh5 O-O-O 13. Qxf3 Nf6 14. e4 dxe4
15. Nxe4 Nxe4 16. Qxe4 Bd6 17. f4 g6 18. h6 f5 19. Qe6+ Kb8 20. Bd2 Rhe8 21.
Qf6 Re2 22. Rad1 Be7 23. Qg7 Bf8 24. Qf6 Bxh6 25. Rfe1 Bg7 26. Qxd8+ Qxd8 27.
Rxe2 Qh4 28. Re3 Kc7 29. Be1 Qd8 30. Bg3 Bf6 31. Rde1 Qd5 32. b3 Kd7 33. Bf2 b5
34. h4 h6 35. Rh3 h5 36. Rh2 Qf3 37. Rg2 Bxh4 38. Bxh4 Qxf4 39. Re7+ Kd6 40.
Bg3 1-0

[Event "Frankfurt Ch 2013"]
[Site "Ffm-Kalbach, LAZ"]
[Date "2013.05.27"]
[Round "4.65"]
[White "Lopez, Victor"]
[Black "Preilowski, Benno"]
[Result "1-0"]
[WhiteElo "1430"]
[BlackElo "1339"]
[PlyCount "75"]
[EventDate "2013.??.??"]
[WhiteTeam "SC 1910 Höchst"]
[BlackTeam "Sfr.1891 Friedberg"]

1. e4 e5 2. Nf3 d6 3. d4 exd4 4. Nxd4 Nf6 5. Nc3 Bd7 6. Bc4 Qe7 7. f3 g6 8. Bg5
Bg7 9. Nd5 Qd8 10. Qd2 O-O 11. Bh6 c5 12. Bxg7 Kxg7 13. Nb3 b5 14. Be2 b4 15.
O-O-O Ne8 16. h4 Bc6 17. h5 Bxd5 18. Qxd5 Nd7 19. hxg6 fxg6 20. e5 Qg5+ 21. Qd2
Qxe5 22. Qh6+ Kf6 23. Qxh7 Qg5+ 24. Kb1 Rf7 25. Rxd6+ Nxd6 26. Qh2 Qe5 27. Qh4+
Qg5 28. Qh2 Nf5 29. Qc7 Nd4 30. Nxd4 cxd4 31. Qd6+ Kg7 32. Qxd4+ Qe5 33. Qc4 a5
34. Bd3 Raf8 35. Qg4 Qf6 36. Qh3 Rg8 37. Bc4 Ne5 38. Qh6# 1-0